000 00305nam a22001337a 4500
008 170919b xxu||||| |||| 00| 0 eng d
020 _a0486231941
041 _aeng
080 _a7
100 _a44
101 _aART
245 _aSELECTED ETCHINGS OF JAMES A.McN. WHISTLER
_cNAYLOR,M
942 _2udc
_cBK
999 _c28185
_d28185